[Event "Excelsior October op"]
[Site "Toronto CAN"]
[Date "2023.10.27"]
[Round "1.4"]
[White "Latorre, Vincent"]
[Black "Lin, Leo"]
[Result "0-1"]
[WhiteElo "2262"]
[BlackElo "2216"]
[PlyCount "114"]
[EventDate "2023.10.27"]
[EventType "swiss"]
[EventRounds "5"]
[EventCountry "CAN"]

1. e4 Nf6 2. e5 Nd5 3. d4 d6 4. Nf3 g6 5. Be2 Bg7 6. exd6 cxd6 7. O-O O-O 8. c4
Nb6 9. Nc3 Bg4 10. b3 Nc6 11. Be3 d5 12. c5 Nc8 13. b4 a6 14. h3 Bxf3 15. Bxf3
e6 16. b5 axb5 17. Nxb5 N8e7 18. Qb3 Nf5 19. Rfd1 Na5 20. Qc3 Nc4 21. Bf4 Qd7
22. a4 Rfc8 23. Qb4 Na5 24. Bg4 Nc6 25. Qb2 Nfxd4 26. Nxd4 h5 27. Bf3 Nxd4 28.
Rxd4 Rxc5 29. Re1 Rxa4 30. Be5 Bxe5 31. Rxe5 Rb5 32. Qd2 Rb1+ 33. Kh2 Rxd4 34.
Qxd4 Qc7 35. Qf4 Re1 36. Rf5 e5 37. Qd2 e4+ 38. g3 Qc1 39. Qxc1 Rxc1 40. Rxd5
exf3 41. Rd3 Rc8 42. Rxf3 b5 43. Rb3 Rb8 44. Kg2 Kf8 45. Kf3 Ke7 46. Ke4 Kd6
47. Kd4 Rb7 48. g4 h4 49. Ra3 b4 50. Rb3 g5 51. Ke4 Kc5 52. Kf5 Kc4 53. Rb1
Rb5+ 54. Kf6 b3 55. Kxf7 b2 56. Kf6 Kb3 57. Re1 Ka2 0-1

[Event "Excelsior October op"]
[Site "Toronto CAN"]
[Date "2023.10.27"]
[Round "1.5"]
[White "Zhao, Jifan"]
[Black "Campbell, Ryan"]
[Result "1-0"]
[WhiteElo "2036"]
[BlackElo "2230"]
[PlyCount "62"]
[EventDate "2023.10.27"]
[EventType "swiss"]
[EventRounds "5"]
[EventCountry "CAN"]

1. e4 c6 2. d4 d5 3. Nc3 dxe4 4. Nxe4 Nf6 5. Nxf6+ exf6 6. Be3 Bd6 7. Bd3 Qb6
8. Qe2 O-O 9. O-O-O Qa5 10. Kb1 Be6 11. Bc4 Re8 12. Nf3 Na6 13. Rhg1 Nb4 14.
Nd2 Bf5 15. Rc1 b5 16. Bb3 Bxh2 17. Rh1 Bd6 18. Rh5 Bg6 19. Nc4 Qd8 20. Nxd6
Qxd6 21. Rch1 h6 22. Qg4 Bxh5 23. Qxh5 Nd5 24. Bxh6 Kf8 25. Bxg7+ Ke7 26. Re1+
Kd7 27. Qxf7+ Re7 28. Rxe7+ Qxe7 29. Bxd5 Re8 30. Be6+ Kd6 31. Qxe7+ Rxe7 1-0

[Event "Excelsior October op"]
[Site "Toronto CAN"]
[Date "2023.10.27"]
[Round "1.6"]
[White "Huh, Isaak"]
[Black "Maulucci, Anthony"]
[Result "1-0"]
[WhiteElo "2219"]
[BlackElo "2019"]
[PlyCount "69"]
[EventDate "2023.10.27"]
[EventType "swiss"]
[EventRounds "5"]
[EventCountry "CAN"]

1. e4 e6 2. d4 d5 3. Nc3 Nf6 4. e5 Nfd7 5. f4 c5 6. Nf3 Nc6 7. Be3 a6 8. Qd2 b5
9. Be2 b4 10. Nd1 Qb6 11. c4 bxc3 12. Nxc3 Rb8 13. b3 cxd4 14. Nxd4 Nxd4 15.
Bxd4 Bc5 16. Na4 Bb4 17. Nxb6 Bxd2+ 18. Kxd2 Nxb6 19. Rhc1 O-O 20. Rc6 Nd7 21.
Bxa6 Bxa6 22. Rxa6 Rfc8 23. Rc1 Rxc1 24. Kxc1 h5 25. Kb2 Nf8 26. Rb6 Ra8 27.
Rb7 Ng6 28. g3 h4 29. a4 hxg3 30. hxg3 Nh8 31. Ra7 Rb8 32. a5 g5 33. a6 gxf4
34. Rb7 Ra8 35. a7 1-0

[Event "Excelsior October op"]
[Site "Toronto CAN"]
[Date "2023.10.27"]
[Round "1.7"]
[White "Malakar, Saarthak"]
[Black "Moses, Neil"]
[Result "1-0"]
[WhiteElo "2007"]
[BlackElo "2179"]
[PlyCount "105"]
[EventDate "2023.10.27"]
[EventType "swiss"]
[EventRounds "5"]
[EventCountry "CAN"]

1. d4 Nf6 2. Nf3 d5 3. g3 Bf5 4. Bg2 e6 5. c4 c6 6. Nc3 h6 7. Qb3 Qb6 8. c5 Qa6
9. Bf1 Ne4 10. e3 b5 11. Nxb5 Qa5+ 12. Nc3 Nd7 13. Qa4 Qc7 14. Nh4 Bh7 15. Be2
g5 16. Nf3 Bg7 17. O-O f5 18. Nd2 O-O 19. Ncxe4 fxe4 20. Nb3 Rf6 21. Qa5 Qb8
22. Qa4 Qc7 23. Qa5 Qb7 24. Qa6 Qc7 25. Bd2 Rc8 26. Ba5 Qb8 27. a4 e5 28. Bc3
Re8 29. Ra3 exd4 30. Bxd4 Ne5 31. Na5 Bf5 32. Rb3 Qa8 33. Qb7 Rfe6 34. Qxa8
Rxa8 35. Rb7 Nf3+ 36. Bxf3 Bxd4 37. Bh5 Bxc5 38. Bf7+ Kh8 39. Bxe6 Bxe6 40. Rc1
Bb6 41. Nb3 d4 42. Nxd4 Bxd4 43. exd4 Bd5 44. b4 a6 45. Rb6 Kg7 46. Rc5 g4 47.
Kf1 Rf8 48. Rc3 h5 49. Rxa6 Rb8 50. Ra7+ Kf8 51. b5 cxb5 52. axb5 Be6 53. Rcc7
1-0

[Event "Excelsior October op"]
[Site "Toronto CAN"]
[Date "2023.10.27"]
[Round "1.8"]
[White "Ruchinskaya, Valerie"]
[Black "Wang, Andy"]
[Result "1-0"]
[WhiteElo "2157"]
[BlackElo "1984"]
[PlyCount "61"]
[EventDate "2023.10.27"]
[EventType "swiss"]
[EventRounds "5"]
[EventCountry "CAN"]

1. d4 d5 2. c4 dxc4 3. e3 e6 4. Bxc4 Nf6 5. Nf3 c5 6. O-O a6 7. Re1 b5 8. Bf1
Nc6 9. a4 b4 10. b3 cxd4 11. exd4 Bb7 12. Bb2 Be7 13. Nbd2 O-O 14. Nc4 Na5 15.
Nfe5 Bd5 16. Bd3 Rc8 17. f4 Bd6 18. Rc1 Bxe5 19. fxe5 Nd7 20. Re3 f5 21. Rh3 g6
22. Bf1 Nxc4 23. bxc4 Bb7 24. Qb3 a5 25. Rd1 Nb6 26. d5 exd5 27. e6 Nxc4 28.
Bxc4 Rxc4 29. Qe3 Re4 30. Qh6 Qe7 31. Qxg6+ 1-0

[Event "Excelsior October op"]
[Site "Toronto CAN"]
[Date "2023.10.27"]
[Round "1.9"]
[White "Qian, Eric"]
[Black "Ajith, Aayush"]
[Result "0-1"]
[WhiteElo "1972"]
[BlackElo "2131"]
[PlyCount "60"]
[EventDate "2023.10.27"]
[EventType "swiss"]
[EventRounds "5"]
[EventCountry "CAN"]

1. Nf3 Nf6 2. c4 c5 3. Nc3 e6 4. b3 d5 5. cxd5 exd5 6. d4 cxd4 7. Nxd4 Bb4 8.
Bd2 O-O 9. g3 Bc5 10. Nc2 d4 11. Na4 Qd5 12. f3 Nc6 13. Nxc5 Qxc5 14. Rc1 Re8
15. Bg2 Qb6 16. Na3 Be6 17. Nc4 Bxc4 18. Rxc4 Ne5 19. Ra4 Nd3+ 20. Kf1 Nb2 21.
Qa1 Nxa4 22. bxa4 Nd5 23. Bh3 Qa6 24. Qd1 Rad8 25. Kf2 Nc3 26. Bxc3 dxc3 27.
Qe1 Rd2 28. Bf1 Qb6+ 29. Kg2 Qe3 30. g4 c2 0-1

[Event "Excelsior October op"]
[Site "Toronto CAN"]
[Date "2023.10.27"]
[Round "1.10"]
[White "Joseph, Jonath"]
[Black "Zhong, April"]
[Result "1-0"]
[WhiteElo "2110"]
[BlackElo "1919"]
[PlyCount "75"]
[EventDate "2023.10.27"]
[EventType "swiss"]
[EventRounds "5"]
[EventCountry "CAN"]

1. e4 e6 2. d4 d5 3. Nd2 c5 4. Ngf3 cxd4 5. Nxd4 Nf6 6. exd5 Nxd5 7. N2f3 Bb4+
8. Bd2 Nd7 9. Bxb4 Nxb4 10. Qd2 Qe7 11. Nb5 O-O 12. a3 Nc6 13. O-O-O Nc5 14.
Qe3 a6 15. Nd6 b6 16. Bd3 Rd8 17. Bxh7+ Kxh7 18. Ng5+ Kg8 19. Ndxf7 Rd5 20. Qg3
Ne4 21. Nh6+ gxh6 22. Nxe4+ Kh7 23. Qc3 Ne5 24. f4 Nd7 25. g4 Qg7 26. Rxd5 exd5
27. Qd3 Kh8 28. Qxd5 Ra7 29. Rd1 Bb7 30. Qxd7 Bxe4 31. Qe8+ Qg8 32. Qxe4 Qxg4
33. Rd8+ Kg7 34. Qe5+ Kf7 35. Qe8+ Kf6 36. Qf8+ Kg6 37. Rd6+ Kh5 38. Rxh6# 1-0

[Event "Excelsior October op"]
[Site "Toronto CAN"]
[Date "2023.10.28"]
[Round "2.1"]
[White "Sambuev, Bator"]
[Black "Ruchinskaya, Valerie"]
[Result "1-0"]
[WhiteElo "2586"]
[BlackElo "2157"]
[PlyCount "95"]
[EventDate "2023.10.27"]
[EventType "swiss"]
[EventRounds "5"]
[EventCountry "CAN"]

1. c4 c6 2. e4 d5 3. exd5 cxd5 4. d4 Nf6 5. Nc3 e6 6. Nf3 Nc6 7. Bg5 Be7 8. c5
O-O 9. Bb5 Ne4 10. Bxe7 Nxe7 11. Rc1 Qa5 12. Qa4 Qxa4 13. Nxa4 f6 14. O-O g5
15. Nc3 Nxc3 16. Rxc3 Kf7 17. Re1 Nc6 18. h3 Bd7 19. a3 a5 20. Ba4 h5 21. Rb3
Rfb8 22. Ree3 Ke7 23. Rb6 Ra6 24. Reb3 Rxb6 25. Rxb6 Nd8 26. Bxd7 Kxd7 27. h4
g4 28. Ne1 Nc6 29. Nc2 Kc7 30. Kf1 Ra8 31. Ke2 Ra6 32. Rxa6 bxa6 33. f3 gxf3+
34. Kxf3 e5 35. g4 hxg4+ 36. Kxg4 exd4 37. Kf5 d3 38. Ne3 d4 39. Nf1 Kd7 40.
Kxf6 Ke8 41. Ke6 a4 42. Kd5 Ne7+ 43. Ke4 Kd7 44. h5 Ng8 45. Kxd3 Kc6 46. Kxd4
Ne7 47. Ng3 Kb5 48. h6 1-0

[Event "Excelsior October op"]
[Site "Toronto CAN"]
[Date "2023.10.28"]
[Round "2.4"]
[White "Lin, Leo"]
[Black "Huh, Isaak"]
[Result "1/2-1/2"]
[WhiteElo "2216"]
[BlackElo "2219"]
[PlyCount "122"]
[EventDate "2023.10.27"]
[EventType "swiss"]
[EventRounds "5"]
[EventCountry "CAN"]

1. e4 e5 2. Nf3 Nc6 3. d4 exd4 4. Nxd4 Nf6 5. Nc3 Nxe4 6. Nxe4 Qe7 7. f3 d5 8.
Bb5 Bd7 9. O-O dxe4 10. Bxc6 bxc6 11. Re1 O-O-O 12. Qe2 Qb4 13. Qa6+ Qb7 14.
Qxb7+ Kxb7 15. fxe4 Bc5 16. Be3 Rhe8 17. Nb3 Bb6 18. c4 Bxe3+ 19. Rxe3 Bg4 20.
Rg3 Bh5 21. Na5+ Kc8 22. Nxc6 Rd2 23. Rb3 Kd7 24. Nxa7 Rxe4 25. Rb5 Bg6 26.
Rd5+ Rxd5 27. cxd5 Re2 28. Nc6 Be4 29. Ne5+ Kc8 30. Nf3 Rxb2 31. Rd1 Rxa2 32.
d6 cxd6 33. Rxd6 Kc7 34. Rd4 f5 35. Nd2 Bc6 36. g3 Ra4 37. Rxa4 Bxa4 38. Kf2
Kd6 39. Ke3 Ke5 40. Nf3+ Kf6 41. h4 Bd1 42. Nd4 g6 43. Kf4 Ba4 44. Nf3 h6 45.
Nd4 Bd1 46. Nc6 Bb3 47. Nd4 Bd5 48. Ne2 g5+ 49. hxg5+ hxg5+ 50. Ke3 Ke5 51. Nc3
Bc4 52. Nd1 Bd5 53. Nc3 Be4 54. Nd1 f4+ 55. gxf4+ gxf4+ 56. Ke2 Bg6 57. Nf2
Bh5+ 58. Kf1 f3 59. Nh3 Ke4 60. Ng5+ Ke3 61. Nxf3 Kxf3 1/2-1/2

[Event "Excelsior October op"]
[Site "Toronto CAN"]
[Date "2023.10.28"]
[Round "2.5"]
[White "Loadman, Ian"]
[Black "Malakar, Saarthak"]
[Result "1/2-1/2"]
[WhiteElo "2098"]
[BlackElo "2007"]
[PlyCount "85"]
[EventDate "2023.10.27"]
[EventType "swiss"]
[EventRounds "5"]
[EventCountry "CAN"]

1. e4 c6 2. d4 d5 3. exd5 cxd5 4. Bd3 Nc6 5. c3 Nf6 6. h3 g6 7. Nf3 Bf5 8. O-O
Bxd3 9. Qxd3 Bg7 10. Bf4 O-O 11. Nbd2 a6 12. Rfe1 Re8 13. a4 Nh5 14. Bh2 Bh6
15. Ne5 Nxe5 16. dxe5 e6 17. Nf3 Rc8 18. a5 Rc5 19. g4 Nf4 20. Bxf4 Bxf4 21.
Ra4 g5 22. h4 h6 23. hxg5 hxg5 24. Kg2 Rc4 25. Rxc4 dxc4 26. Qxc4 Qxa5 27. Qe4
Kg7 28. Qxb7 Qa4 29. Qe4 Qb3 30. Rh1 Rh8 31. Rxh8 Kxh8 32. Qa8+ Kg7 33. Qxa6
Qxb2 34. Qd3 Qb8 35. Qe4 Qc7 36. Qd4 Qc6 37. c4 Qb7 38. c5 Qc6 39. Qd6 Qe4 40.
c6 Qc2 41. Kf1 Qc3 42. Kg2 Qc2 43. Kf1 1/2-1/2

[Event "Excelsior October op"]
[Site "Toronto CAN"]
[Date "2023.10.28"]
[Round "2.6"]
[White "Leung, Joseph"]
[Black "Oancea, Nicolae"]
[Result "1-0"]
[WhiteElo "1902"]
[BlackElo "2035"]
[PlyCount "59"]
[EventDate "2023.10.27"]
[EventType "swiss"]
[EventRounds "5"]
[EventCountry "CAN"]

1. e4 g6 2. d4 Bg7 3. Nf3 a6 4. c4 d6 5. Nc3 e5 6. Bg5 f6 7. Be3 Ne7 8. Qd2 Be6
9. O-O-O Nd7 10. h4 h6 11. g3 Bg4 12. Be2 b5 13. c5 Bxf3 14. Bxf3 exd4 15. Bxd4
dxc5 16. Be3 c4 17. Qe2 Qc8 18. Bg4 f5 19. exf5 gxf5 20. Rhe1 O-O 21. Bf3 c6
22. Bf4 b4 23. Qe6+ Kh8 24. Rxd7 bxc3 25. Qxe7 cxb2+ 26. Kb1 Rg8 27. Bxh6 Qxd7
28. Qxd7 Bxh6 29. Qxc6 Bg7 30. Qg6 1-0

[Event "Excelsior October op"]
[Site "Toronto CAN"]
[Date "2023.10.28"]
[Round "2.7"]
[White "Maulucci, Anthony"]
[Black "Latorre, Vincent"]
[Result "0-1"]
[WhiteElo "2019"]
[BlackElo "2262"]
[PlyCount "106"]
[EventDate "2023.10.27"]
[EventType "swiss"]
[EventRounds "5"]
[EventCountry "CAN"]

1. d4 Nf6 2. c4 g6 3. Nc3 Bg7 4. e4 d6 5. Nge2 O-O 6. f3 c5 7. d5 e6 8. Ng3
exd5 9. cxd5 a6 10. a4 h5 11. Bg5 Qe8 12. Be2 Nh7 13. Be3 Nd7 14. O-O Ne5 15.
Qd2 Rb8 16. a5 b5 17. axb6 Rxb6 18. h3 Rb4 19. f4 Nc4 20. Bxc4 Rxc4 21. e5 dxe5
22. f5 h4 23. Nge4 Rd4 24. Bxd4 exd4 25. fxg6 fxg6 26. Nxc5 dxc3 27. bxc3 Bf5
28. Kh1 Qe5 29. Rxa6 Nf6 30. Ne6 Ne4 31. Qe1 Re8 32. Kg1 Bxe6 33. Rxe6 Rxe6 34.
dxe6 Qc5+ 35. Rf2 Qxf2+ 36. Qxf2 Nxf2 37. Kxf2 Kf8 38. c4 Be5 39. Kf3 Ke7 40.
Kg4 Bg3 41. Kg5 Kxe6 42. Kxg6 Kd6 43. Kf5 Kc5 44. Ke4 Kxc4 45. Ke3 Kc3 46. Ke2
Kc2 47. Kf1 Kd1 48. Kg1 Ke1 49. Kh1 Ke2 50. Kg1 Be5 51. g4 hxg3 52. Kg2 Ke3 53.
h4 Kf4 0-1

[Event "Excelsior October op"]
[Site "Toronto CAN"]
[Date "2023.10.28"]
[Round "2.8"]
[White "Campbell, Ryan"]
[Black "Zhong, Ryan Yunhui"]
[Result "1-0"]
[WhiteElo "2260"]
[BlackElo "2057"]
[PlyCount "73"]
[EventDate "2023.10.27"]
[EventType "swiss"]
[EventRounds "5"]
[EventCountry "CAN"]

1. e4 e6 2. d4 d5 3. Nd2 c5 4. Ngf3 cxd4 5. Nxd4 Nf6 6. exd5 Qxd5 7. Nb5 Qd7 8.
Nc4 Nc6 9. Qxd7+ Kxd7 10. Bf4 Nd5 11. O-O-O Ke7 12. Bd6+ Kf6 13. Bg3 a6 14.
Rxd5 axb5 15. Rxb5 Rxa2 16. Kb1 Ra7 17. Be2 g6 18. Rd1 Kg7 19. Bf3 Be7 20. c3
e5 21. Nxe5 Re8 22. Nxc6 bxc6 23. Bxc6 Rf8 24. b4 Bf6 25. Be5 Bf5+ 26. Kb2 Be6
27. Bxf6+ Kxf6 28. Ra1 Rxa1 29. Kxa1 Rd8 30. f4 Rd1+ 31. Kb2 Rd2+ 32. Kc1 Rf2
33. Bf3 Bc4 34. Rc5 Bb3 35. b5 Ra2 36. b6 Ra6 37. b7 1-0

[Event "Excelsior October op"]
[Site "Toronto CAN"]
[Date "2023.10.28"]
[Round "2.9"]
[White "Moses, Neil"]
[Black "Wang, Andy"]
[Result "1-0"]
[WhiteElo "2179"]
[BlackElo "1984"]
[PlyCount "83"]
[EventDate "2023.10.27"]
[EventType "swiss"]
[EventRounds "5"]
[EventCountry "CAN"]

1. e4 e5 2. Nf3 Nc6 3. Bb5 a6 4. Ba4 Nf6 5. O-O b5 6. Bb3 Bc5 7. d3 d6 8. h3 h6
9. c3 O-O 10. Be3 Bxe3 11. fxe3 Be6 12. Bc2 d5 13. exd5 Nxd5 14. Qe2 f5 15. Bb3
Qd7 16. Nbd2 Rad8 17. Rae1 Nf6 18. d4 e4 19. Nh4 Nd5 20. Ng6 Rf6 21. Nf4 Nxf4
22. exf4 Na5 23. Bxe6+ Rxe6 24. b4 Nb7 25. Nf3 Qd5 26. Ne5 Nd6 27. Ra1 Nf7 28.
g4 g6 29. Kh2 Nxe5 30. fxe5 Rf8 31. gxf5 gxf5 32. Qh5 f4 33. Qg4+ Kh7 34. Rxf4
Rg6 35. Qxg6+ Kxg6 36. Rg1+ Kh7 37. Rxf8 Qxa2+ 38. Rg2 Qc4 39. Rfg8 h5 40.
R8g7+ Kh8 41. e6 Qxe6 42. R7g6 1-0

[Event "Excelsior October op"]
[Site "Toronto CAN"]
[Date "2023.10.28"]
[Round "2.10"]
[White "Zhong, April"]
[Black "Singh Dhaliwal, Jaipreet"]
[Result "0-1"]
[WhiteElo "1919"]
[BlackElo "2105"]
[PlyCount "100"]
[EventDate "2023.10.27"]
[EventType "swiss"]
[EventRounds "5"]
[EventCountry "CAN"]

1. e4 c5 2. Nf3 d6 3. Bb5+ Bd7 4. Bxd7+ Qxd7 5. O-O Nf6 6. Re1 Nc6 7. c3 e6 8.
d4 cxd4 9. cxd4 d5 10. e5 Ne4 11. Nbd2 Nxd2 12. Bxd2 Be7 13. Rc1 O-O 14. Rc3
Rac8 15. a3 b5 16. Rd3 Rc7 17. h4 h6 18. Nh2 f5 19. exf6 Bxf6 20. Nf3 Qf7 21.
Bf4 Rcc8 22. Bg3 a6 23. Rde3 Rfe8 24. Qd3 Re7 25. Bd6 Ree8 26. a4 bxa4 27. Qxa6
Nxd4 28. Ne5 Bxe5 29. Bxe5 Rc2 30. Rf1 Nf5 31. Rf3 Rc4 32. Ra1 Re4 33. Bg3 Qd7
34. Rc3 Nd4 35. Rc7 Qb5 36. Qxb5 Nxb5 37. Rb7 Nd4 38. f3 Re2 39. Rxa4 Nf5 40.
Bf2 Rc8 41. g4 Rc1+ 42. Kg2 Ne3+ 43. Kg3 Nf1+ 44. Kg2 Ne3+ 45. Kg3 Nf1+ 46. Kg2
Rcc2 47. Kxf1 Rxf2+ 48. Ke1 Rh2 49. Kd1 Rcg2 50. Raa7 Rg1# 0-1

[Event "Excelsior October op"]
[Site "Toronto CAN"]
[Date "2023.10.28"]
[Round "2.11"]
[White "Ganea, Mihai"]
[Black "Qian, Eric"]
[Result "0-1"]
[WhiteElo "2103"]
[BlackElo "1972"]
[PlyCount "90"]
[EventDate "2023.10.27"]
[EventType "swiss"]
[EventRounds "5"]
[EventCountry "CAN"]

1. Nf3 d5 2. c4 e6 3. g3 Nf6 4. Bg2 Be7 5. O-O O-O 6. d4 c6 7. Qc2 b6 8. Nc3
Ba6 9. b3 Nbd7 10. e4 dxc4 11. Rd1 Qc7 12. Bf4 Qb7 13. d5 exd5 14. exd5 cxd5
15. Ng5 cxb3 16. axb3 Rac8 17. Qb2 b5 18. Nxd5 Nxd5 19. Bxd5 Qb6 20. Bxf7+ Rxf7
21. Nxf7 Bf6 22. Ne5 Nc5 23. b4 Ne6 24. Qa2 Bb7 25. Qxa7 Qxa7 26. Rxa7 Be4 27.
f3 Bc2 28. Rd2 g5 29. Ng4 Bc3 30. Re2 gxf4 31. Rxe6 Bd4+ 32. Kg2 Bxa7 33. gxf4
Bb3 34. Re7 Bd4 35. Ne5 Bxe5 36. fxe5 Rc4 37. Kg3 h5 38. f4 Rxb4 39. f5 h4+ 40.
Kf3 Bd5+ 41. Ke3 Kf8 42. f6 Re4+ 43. Kd3 b4 44. Rd7 Rxe5 45. Kd4 Rf5 0-1

[Event "Excelsior October op"]
[Site "Toronto CAN"]
[Date "2023.10.28"]
[Round "3.3"]
[White "Huh, Isaak"]
[Black "Leung, Joseph"]
[Result "1-0"]
[WhiteElo "2219"]
[BlackElo "1902"]
[PlyCount "75"]
[EventDate "2023.10.27"]
[EventType "swiss"]
[EventRounds "5"]
[EventCountry "CAN"]

1. e4 c5 2. Nf3 d6 3. d4 cxd4 4. Nxd4 Nf6 5. Nc3 a6 6. Bg5 e6 7. f4 h6 8. Bxf6
Qxf6 9. Qd2 Bd7 10. O-O-O b5 11. g3 Nc6 12. Nxc6 Bxc6 13. Bg2 Qd8 14. h4 Qc7
15. Kb1 Be7 16. g4 e5 17. fxe5 dxe5 18. Nd5 Bxd5 19. exd5 Qd6 20. Be4 Rc8 21.
Qe2 g6 22. h5 Bg5 23. hxg6 fxg6 24. Rhf1 Rf8 25. Qd3 Rg8 26. Rde1 Kd8 27. Rf3
Bf4 28. Qe2 Kc7 29. Rb3 Kd7 30. Rd1 Rc4 31. c3 Rgc8 32. Qc2 Rg8 33. Qd3 Rc5 34.
Rb4 Rc7 35. a4 bxa4 36. Rxa4 Ra7 37. Rc4 Rc7 38. Rc6 1-0

[Event "Excelsior October op"]
[Site "Toronto CAN"]
[Date "2023.10.28"]
[Round "3.4"]
[White "Malakar, Saarthak"]
[Black "Ajith, Aayush"]
[Result "1/2-1/2"]
[WhiteElo "2007"]
[BlackElo "2131"]
[PlyCount "72"]
[EventDate "2023.10.27"]
[EventType "swiss"]
[EventRounds "5"]
[EventCountry "CAN"]

1. d4 Nf6 2. Nf3 e6 3. g3 d5 4. Bg2 b5 5. a4 b4 6. c3 Bb7 7. a5 Nbd7 8. Qa4
bxc3 9. Nxc3 a6 10. Bf4 Nh5 11. Ne5 Nxf4 12. gxf4 Bd6 13. e4 Bxe5 14. dxe5 c6
15. O-O O-O 16. Rfd1 Qe7 17. Rac1 Rac8 18. Ne2 f6 19. exf6 Nxf6 20. Ng3 c5 21.
exd5 exd5 22. Re1 Qc7 23. f5 Rfe8 24. Re6 Rxe6 25. fxe6 Qc6 26. Qb3 Re8 27. Re1
Bc8 28. e7 Qd6 29. Nh5 Rxe7 30. Nxf6+ gxf6 31. Bxd5+ Kf8 32. Rxe7 Kxe7 33. Qb8
Qd7 34. Bf3 Qf5 35. Bb7 Qg4+ 36. Kh1 Qd1+ 1/2-1/2

[Event "Excelsior October op"]
[Site "Toronto CAN"]
[Date "2023.10.28"]
[Round "3.5"]
[White "Ruchinskaya, Valerie"]
[Black "Lin, Leo"]
[Result "0-1"]
[WhiteElo "2157"]
[BlackElo "2216"]
[PlyCount "86"]
[EventDate "2023.10.27"]
[EventType "swiss"]
[EventRounds "5"]
[EventCountry "CAN"]

1. d4 Nf6 2. c4 g6 3. Nc3 d5 4. Bf4 Bg7 5. e3 O-O 6. Rc1 c5 7. dxc5 Qa5 8. cxd5
Rd8 9. Bc4 Be6 10. Qa4 Qxa4 11. Nxa4 Nxd5 12. Ne2 Nc6 13. Bg3 Ndb4 14. Nf4 Bxc4
15. Rxc4 e5 16. Nh3 Nxa2 17. Ke2 Na5 18. Rc2 Nb3 19. Rb1 h6 20. f3 Rac8 21. Nf2
b5 22. Nc3 Nb4 23. Rcc1 Nxc1+ 24. Rxc1 Rxc5 25. Nfe4 Rc6 26. Ra1 f5 27. Nd2 a6
28. e4 Nc2 29. Rb1 Nd4+ 30. Ke1 Nc2+ 31. Ke2 Rcd6 32. Rd1 Nb4 33. Be1 h5 34. g3
Bh6 35. Nb3 Rxd1 36. Nxd1 Nc2 37. Ba5 Nd4+ 38. Nxd4 Rxd4 39. Bc3 Rc4 40. Ne3
Bxe3 41. Kxe3 fxe4 42. Bxe5 exf3 43. Kxf3 Kf7 0-1

[Event "Excelsior October op"]
[Site "Toronto CAN"]
[Date "2023.10.28"]
[Round "3.6"]
[White "Latorre, Vincent"]
[Black "Loadman, Ian"]
[Result "1-0"]
[WhiteElo "2262"]
[BlackElo "2098"]
[PlyCount "71"]
[EventDate "2023.10.27"]
[EventType "swiss"]
[EventRounds "5"]
[EventCountry "CAN"]

1. e4 e5 2. Nf3 Nc6 3. Bc4 Nf6 4. d3 Bc5 5. O-O d6 6. c3 a5 7. Bb3 Ba7 8. Nbd2
O-O 9. h3 Be6 10. Re1 d5 11. Qe2 dxe4 12. dxe4 Nd7 13. Bxe6 fxe6 14. Nc4 Qf6
15. Be3 Bxe3 16. Nxe3 Qg6 17. Rad1 Rf7 18. Ng4 h5 19. Rxd7 hxg4 20. Nh4 Qh5 21.
Rxf7 Kxf7 22. Qxg4 Qxg4 23. hxg4 Rd8 24. Nf3 Kf6 25. Kf1 g5 26. Ke2 Ne7 27. Rh1
Ng6 28. g3 Rg8 29. Rh7 Ne7 30. Nxe5 Kxe5 31. Rxe7 Kd6 32. Rh7 a4 33. e5+ Kxe5
34. Rxc7 Rb8 35. Rc5+ Kf6 36. Rb5 1-0

[Event "Excelsior October op"]
[Site "Toronto CAN"]
[Date "2023.10.28"]
[Round "3.7"]
[White "Joseph, Jonath"]
[Black "Campbell, Ryan"]
[Result "1/2-1/2"]
[WhiteElo "2110"]
[BlackElo "2260"]
[PlyCount "129"]
[EventDate "2023.10.27"]
[EventType "swiss"]
[EventRounds "5"]
[EventCountry "CAN"]

1. e4 c6 2. Nc3 d5 3. Nf3 Bg4 4. h3 Bxf3 5. Qxf3 e6 6. Be2 Bc5 7. O-O Nd7 8.
exd5 exd5 9. Re1 Ne7 10. Na4 Bd6 11. d4 Qc7 12. c4 dxc4 13. Bxc4 O-O 14. Nc3
Nb6 15. Bb3 Qd7 16. Ne4 Ned5 17. Bd2 Rae8 18. Bc2 Nc4 19. Qd3 Nxd2 20. Nc5 Nf3+
21. Kh1 f5 22. Nxd7 Nxe1 23. Qb3 Rf7 24. Ne5 Nxc2 25. Qxc2 Bxe5 26. Re1 Rfe7
27. dxe5 Rxe5 28. Rxe5 Rxe5 29. Qc5 a6 30. Qd6 Re7 31. Kh2 Kf7 32. a4 g6 33. b4
Nf6 34. f3 Rd7 35. Qb8 Nd5 36. Qh8 Nf6 37. Qb8 Ke6 38. Qf4 Nd5 39. Qd4 Kd6 40.
f4 Re7 41. Qh8 Kc7 42. Qd4 Kd6 43. Qh8 Kc7 44. Qd4 Kd7 45. Qh8 Ke6 46. Qd4 Kf7
47. a5 Kg8 48. Qc5 Re4 49. Qd6 Kg7 50. Qd7+ Re7 51. Qd6 Kf7 52. Qb8 Nf6 53. Qd6
Rd7 54. Qe5 Re7 55. Qd6 Nd5 56. Qb8 Kg7 57. Qd8 Kf7 58. Qb8 Nxb4 59. Qh8 Nd5
60. Qxh7+ Kf6 61. Qh8+ Rg7 62. Qf8+ Rf7 63. Qh8+ Ke7 64. Qe5+ Kf8 65. Qh8+
1/2-1/2

[Event "Excelsior October op"]
[Site "Toronto CAN"]
[Date "2023.10.28"]
[Round "3.8"]
[White "Singh Dhaliwal, Jaipreet"]
[Black "Moses, Neil"]
[Result "1-0"]
[WhiteElo "2105"]
[BlackElo "2179"]
[PlyCount "125"]
[EventDate "2023.10.27"]
[EventType "swiss"]
[EventRounds "5"]
[EventCountry "CAN"]

1. e4 e5 2. Nf3 Nc6 3. Bc4 Bc5 4. Nc3 Nf6 5. d3 h6 6. a3 a6 7. Be3 Bxe3 8. fxe3
d6 9. O-O O-O 10. Qe1 Be6 11. Bxe6 fxe6 12. Qg3 Qe8 13. Rae1 Rd8 14. Kh1 Qh5
15. h3 Rf7 16. Rf2 Rdf8 17. Ref1 b5 18. b4 Kh7 19. Kg1 g5 20. Nh2 Qg6 21. Ng4
Ne7 22. Nxf6+ Rxf6 23. Rxf6 Rxf6 24. Rxf6 Qxf6 25. Qf2 Kg7 26. Ne2 Qxf2+ 27.
Kxf2 c5 28. c3 Kf6 29. Nc1 Nc6 30. Nb3 c4 31. dxc4 bxc4 32. Nd2 d5 33. exd5
exd5 34. Ke2 e4 35. a4 Ke6 36. Nf1 Ne7 37. Ng3 Kd6 38. Kf2 Ke5 39. Ne2 Nc8 40.
a5 h5 41. Nd4 Na7 42. Kg3 Kd6 43. h4 gxh4+ 44. Kxh4 Nc6 45. Ne2 Ne7 46. Nd4 Nc6
47. Nc2 Na7 48. Kxh5 Nb5 49. g4 Ke7 50. Kg6 Nxc3 51. g5 Nb5 52. Kh7 Nd6 53. g6
Ne8 54. g7 Nf6+ 55. Kg6 c3 56. b5 axb5 57. a6 d4 58. Nxd4 b4 59. a7 b3 60. a8=Q
b2 61. Qb7+ Nd7 62. g8=Q b1=Q 63. Nf5# 1-0

[Event "Excelsior October op"]
[Site "Toronto CAN"]
[Date "2023.10.28"]
[Round "3.9"]
[White "Oancea, Nicolae"]
[Black "Qian, Eric"]
[Result "0-1"]
[WhiteElo "2035"]
[BlackElo "1972"]
[PlyCount "154"]
[EventDate "2023.10.27"]
[EventType "swiss"]
[EventRounds "5"]
[EventCountry "CAN"]

1. c4 e6 2. g3 d5 3. Bg2 Nf6 4. b3 Be7 5. Bb2 O-O 6. e3 c6 7. Ne2 b6 8. O-O Bb7
9. d3 Nbd7 10. Nd2 Qc7 11. Nf3 a5 12. Rc1 a4 13. Nc3 axb3 14. axb3 Qb8 15. Nd4
Rc8 16. Re1 Bf8 17. Qe2 Nc5 18. Qc2 Re8 19. Nde2 Qd6 20. d4 Ncd7 21. f4 Rac8
22. Ra1 Qb8 23. Ba3 c5 24. Nb5 dxc4 25. Bxb7 cxb3 26. Qxb3 Qxb7 27. dxc5 Nxc5
28. Bxc5 Bxc5 29. Ned4 Ra8 30. Rad1 Red8 31. Qc2 Rac8 32. Qg2 Qxg2+ 33. Kxg2
Ne4 34. Kf3 Nd6 35. Na7 Rc7 36. Ndb5 Rcd7 37. Nc6 Rc8 38. Nxd6 Rxc6 39. Ne4
Rxd1 40. Rxd1 Bf8 41. Rd8 f6 42. h4 h5 43. Rb8 Kf7 44. Nf2 Rc3 45. Rxb6 Rxe3+
46. Kxe3 Bc5+ 47. Kf3 Bxb6 48. Ne4 Bd4 49. Nd2 Bc3 50. Ne4 Bb4 51. Nf2 Kg6 52.
Nd3 Ba3 53. Ne1 Kf5 54. Nd3 Bd6 55. Nf2 Bb4 56. Ne4 Kg6 57. Nf2 Kf7 58. Nd3 Bc3
59. Nf2 Ke7 60. Ne4 Be1 61. Nc5 Kd6 62. Nd3 Bc3 63. Ke4 Kc6 64. Nc1 Kc5 65. Ne2
Bb2 66. Kd3 Kd5 67. Ke3 Ba3 68. Nc3+ Kc4 69. Ne2 Bc5+ 70. Ke4 Bf2 71. Kf3 Bd4
72. Ke4 Bc5 73. Nc1 Kc3 74. Kf3 Kc2 75. Ne2 Kd2 76. f5 e5 77. Nf4 exf4 0-1